Central Library, Doon University
WEBOPAC (ONLINE PUBLIC ACCESS CATALOGUE)

Business mathematics (Record no. 60008)

MARC details
000 -LEADER
fixed length control field 00430nam a22001817a 4500
005 - DATE & TIME
control field 20260120154320.0
008 - FIXED-LENGTH DATA ELEMENTS--GENERAL INFORMATION
fixed length control field 260120b |||||||| |||| 00| 0 eng d
020 ## - ISBN
International Standard Book Number 9789352025558
Price 440.00
040 ## - CATALOGING SOURCE
Original cataloging agency Doon University
041 ## - Language
Language English
082 ## - DDC NUMBER
Classification number 511.8
Book Number JOT
100 ## - MAIN ENTRY--PERSONAL NAME
Personal name Jothi, A. Lenin
245 ## - TITLE STATEMENT
Title Business mathematics
260 ## - PUBLICATION, DISTRIBUTION, ETC. (IMPRINT)
Place of publication, distribution, etc New Delhi
Name of publisher, distributor, etc Himalaya
Date of publication, distribution, etc 2015
300 ## - PHYSICAL DESCRIPTION
Pages 718
650 ## - Subject
Subject Commerce
942 ## - ADDED ENTRY ELEMENTS (KOHA)
Koha item type Books
100 ## - MAIN ENTRY--PERSONAL NAME
-- 25970
952 ## - LOCATION AND ITEM INFORMATION (KOHA)
-- 2026-01-20
952 ## - LOCATION AND ITEM INFORMATION (KOHA)
-- 2026-01-20
952 ## - LOCATION AND ITEM INFORMATION (KOHA)
-- 2026-01-20
952 ## - LOCATION AND ITEM INFORMATION (KOHA)
-- 2026-01-20
952 ## - LOCATION AND ITEM INFORMATION (KOHA)
-- 2026-01-20
952 ## - LOCATION AND ITEM INFORMATION (KOHA)
-- 2026-01-20
952 ## - LOCATION AND ITEM INFORMATION (KOHA)
-- 2026-01-20
952 ## - LOCATION AND ITEM INFORMATION (KOHA)
-- 2026-01-20
952 ## - LOCATION AND ITEM INFORMATION (KOHA)
-- 2026-01-20
952 ## - LOCATION AND ITEM INFORMATION (KOHA)
-- 2026-01-20
Holdings
Withdrawn status Lost status Source of classification or shelving scheme Damaged status Not for loan Location (home branch) Sublocation or collection (holding branch) Date acquired Koha full call number Accession No. Koha date last seen Koha item type Koha issues (times borrowed)
        Not For Loan Doon University Doon University 20.01.2026 511.8 JOT 51399 20.01.2026 Reference  
          Doon University Doon University 20.01.2026 511.8 JOT 51400 20.01.2026 Books  
          Doon University Doon University 20.01.2026 511.8 JOT 51401 20.01.2026 Books  
          Doon University Doon University 20.01.2026 511.8 JOT 51402 20.01.2026 Books  
          Doon University Doon University 20.01.2026 511.8 JOT 51403 20.01.2026 Books  
          Doon University Doon University 20.01.2026 511.8 JOT 51404 20.01.2026 Books  
          Doon University Doon University 20.01.2026 511.8 JOT 51405 20.01.2026 Books  
          Doon University Doon University 20.01.2026 511.8 JOT 51406 20.01.2026 Books  
          Doon University Doon University 20.01.2026 511.8 JOT 51407 20.01.2026 Books  
          Doon University Doon University 20.01.2026 511.8 JOT 51408 20.01.2026 Books  
Contact : +91-135-2533126 (Library),+91-135-2533105 (Admin Office) , Email : doonlibrary@gmail.com

Powered by Koha